000 01009naa a22002777a 4500
001 BR8804198
003 BR-BrBNA
005 20240918180234.0
007 ta
008 230509b bl.||||| |||| 00| 0 por d
040 _aBR-BrBNA
_bpor
_cBiblioteca Nacional de Agricultura
041 _a(Pt)
072 _aE14; F06
_b/G514
090 _aE14 BR8804198
100 1 _aVillegas, J.M.
111 1 _a1. Congresso de Irrigacao e Drenagem
_cTeresina, PI (Brazil)
_d2-4 Jun 1982
245 1 _aA agricultura irrigada como estrategia de desenvolvimento regional
260 3 _aTeresina, PI (Brasil):
_c1982.
500 _aAnais do 1. Congresso de Irrigacao e Drenagem Teresina, PI (Brasil): 1982. p. 173-214 (BR8804198-AM)E14
650 _aDESENVOLVIMENTO AGRICOLA
650 _aDESENVOLVIMENTO RURAL
650 _aIRRIGACAO
773 0 _tAnais do 1. Congresso de Irrigacao e Drenagem
_wE14 BR8804198
_gTeresina, PI (Brasil), 1982. p. 173-214
909 _a202404
_bLucia
_c55
_dLucia Elande
942 _cAM
_2AGRIS
999 _c319461
_d319461